000 01007cam a2200229 4500
001 ABS61538
008 000000n1999 000 0 eng u
035 _a(Sirsi) u102257
100 _aFogleman, V.
245 _aContaminated land clean up regime finally in sight
260 _c1999
490 _aEnvironment Information Bulletin
_v(94) November 1999, 9-11(3)
520 _aGovernment has issued the draft guidance on the remediation of contaminated land, however the author argues that the proposals will be difficult to implement and make the system more complex than at present. Copies of the document "Contaminated land: implementation of Part IIA of the Environmental Protection Act 1990" can be obtained at www.detr.gov.uk/consult or tel. 020 7890 5287.
590 _aABS
650 _aCONTAMINATED LAND
650 _aREMEDIATION
650 _aDRAFT GUIDANCE
650 _aEXCLUSION TESTS
650 _aHISTORIC POLLUTION
690 _aENVIRONMENTAL AND LAND CONSULTANCY
942 _n0
999 _c61289
_d61289